Príspevok k identifikácii lineárnych dynamických procesov riadiacimi počítačmi : Kand.diz.práca : Obh. 21.01.1982 /

Guardado en:
Detalles Bibliográficos
Autor principal: Gese, Augustín, 1945- (Autor)
Otros Autores: Hrivňák, Juraj (Orientador)
Formato: Manuscrito Libro
Publicado: Bratislava : SVŠT v Bratislave EF, 1981
Materias:
Etiquetas: Agregar Etiqueta
Sin Etiquetas, Sea el primero en etiquetar este registro!

MARC

LEADER 00000ntm a22000003a 4500
001 stu5322
005 20150617225811.1
008 ------s1981----------------------------d
040 |a STU  |b slo 
041 0
100 1 |a Gese, Augustín,  |d 1945-  |4 aut  |u M6000  |U MTF Materiálovotechnologická fakulta  |T MTF Ústav aplikovanej informatiky, automatizácie a matematiky  |X 4404  |U M6000  |Y 86  |7 A000004404 
245 1 |a Príspevok k identifikácii lineárnych dynamických procesov riadiacimi počítačmi :  |b Kand.diz.práca : Obh. 21.01.1982 /  |c [aut.] Gese,Augustín, Ing.; Škol. Hrivňák,Juraj 
260 |a Bratislava :  |b SVŠT v Bratislave EF,  |c 1981 
300 |a 115 s  |c Auutofer.1981, 17 s 
650 7 |a technická kybernetika  |2 stusub 
650 7 |a Automatizácia a riadenie  |2 stusub 
700 1 |a Hrivňák, Juraj  |4 ths 
996 |b 284ED00302  |c E*KDIZ-336  |l EE01  |s A  |a 24  |w stu5322_0001